Average Scotland house price shows 3% decrease year on year as volumes of sales continue to decline (Record no. 81227)

MARC details
000 -LEADER
fixed length control field 01173cad a22002055a 4500
001 - CONTROL NUMBER
control field E146659
008 - FIXED-LENGTH DATA ELEMENTS--GENERAL INFORMATION
fixed length control field 090212e20090211xxk 000 0 eng d
035 ## - SYSTEM CONTROL NUMBER
System control number (Sirsi) u146659
041 0# - LANGUAGE CODE
Language code of text/sound track or separate title eng
110 2# - MAIN ENTRY--CORPORATE NAME
Corporate name or jurisdiction name as entry element Registers of Scotland
9 (RLIN) 5601
245 00 - TITLE STATEMENT
Title Average Scotland house price shows 3% decrease year on year as volumes of sales continue to decline
Medium [electronic resource]
260 ## - PUBLICATION, DISTRIBUTION, ETC.
Date of publication, distribution, etc. 2009
490 ## - SERIES STATEMENT
Series statement Registers of Scotland News Release
Volume/sequential designation 11 February 2009
520 ## - SUMMARY, ETC.
Summary, etc. Suggests that the average house price in Scotland decreased by 3% in the fourth quarter of 2008, when compared with the same period in 2007. In the fourth quarter of 2008, the average price of a residential property in Scotland was £153 623, down 4.1% on the previous quarter. The volume of sales transactions also decreased by 53.6% when compared to the same quarter in 2007, and decreased by 23.2% on the previous quarter of 2008.
590 ## - LOCAL NOTE (RLIN)
Local note KA
651 #4 - SUBJECT ADDED ENTRY--GEOGRAPHIC NAME
Geographic name Scotland
Chronological subdivision 1999-
690 ## - LOCAL SUBJECT ADDED ENTRY--TOPICAL TERM (OCLC, RLIN)
Topical term or geographic name as entry element PROPERTY-RESIDENTIAL PROPERTY-RESIDENTIAL PROPERTY MARKET
856 40 - ELECTRONIC LOCATION AND ACCESS
Uniform Resource Identifier <a href="https://www.ros.gov.uk/aboutus/pressreleases.html">https://www.ros.gov.uk/aboutus/pressreleases.html</a>
Public note View the press release free of charge at www.ros.gov.uk...
942 ## - ADDED ENTRY ELEMENTS (KOHA)
Suppress in OPAC 0
Holdings
Withdrawn status Lost status Source of classification or shelving scheme Damaged status Not for loan Home library Current library Shelving location Date acquired Total Checkouts Full call number Barcode Date last seen Copy number Price effective from Koha item type
    Dewey Decimal Classification     Virtual Virtual Online 12/02/2009   ONLINE PUBLICATION 146659-2001 06/08/2019 1 06/08/2019 Journal article